00561nam a2200205Ia 4500003000900000008004100009020001800050040001600068080002300084100002000107245005800127260003300185300001400218650001900232650002300251650001500274650002700289700001800316700002100334IN-BaIIA211028s9999 xx 000 0 eng d a0-08-042152-0 cIIA Library a52-36(546.26)bTHE aKroto, Harold W 4aThe fullerenescH W Kroto, J E Fischer and Deann Cox aOxfordbPergamon Pressc1993 avi, 318p. aCosmochemistry aCrystalline carbon aFullerenes aMolecular astrophysics aCox, David E. aFischer, John E.